| 000 | 00646nam a2200193Ia 4500 | ||
|---|---|---|---|
| 999 |
_c9694 _d9694 |
||
| 020 | _a0195119975 | ||
| 082 | _aRR 338.9 UNI-H | ||
| 245 | 0 | _aHuman development report: 1997 | |
| 260 |
_aNew York _bOxford University Press _c1997 |
||
| 300 | _axi, 245p. | ||
| 500 | _aHuman development report: 1998, Human development report: 1999, Human development report: 2000, Human development report: 2001 | ||
| 650 | _aSocial justice | ||
| 650 | _aEconomic development | ||
| 650 | _aInternational trade | ||
| 650 | _aSustainable development | ||
| 650 | _aInternational cooperation | ||
| 710 | _aUnited Nations Development Programme | ||
| 942 |
_cBK _2ddc |
||